| 000 | 00741cam a2200253 4500500 | ||
|---|---|---|---|
| 005 | 20260329004700.0 | ||
| 041 | _afre | ||
| 042 | _adc | ||
| 100 | 1 | 0 |
_aLacroix, Alexandre _eauthor |
| 245 | 0 | 0 | _aNolan Higdon : “Nous traversons une crise profonde de l’information” |
| 260 | _c2020. | ||
| 500 | _a24 | ||
| 690 | _aConfiance | ||
| 690 | _aÉtats-Unis | ||
| 690 | _aFake news | ||
| 690 | _aInformation | ||
| 690 | _aInfox | ||
| 690 | _aMédias | ||
| 690 | _aNolan Higdon | ||
| 690 | _aTwitter | ||
| 690 | _aVérité | ||
| 786 | 0 | _nPhilosophie magazine | 143 | 10 | 2020-10-01 | p. 33-34 | 1951-1787 | |
| 856 | 4 | 1 | _uhttps://shs.cairn.info/magazine-philosophie-magazine-2020-10-page-33?lang=fr&redirect-ssocas=7080 |
| 999 |
_c1836236 _d1836236 |
||